Central Library OPAC University of Rajshahi

Schaum's outline of theory and problems of microbiology / (Record no. 37053)

MARC details
000 -LEADER
fixed length control field 01129nam a2200325 a 4500
001 - CONTROL NUMBER
control field 37053
003 - CONTROL NUMBER IDENTIFIER
rucl marc code BD-RjUL
005 - DATE AND TIME OF LATEST TRANSACTION
control field 20211209052555.0
008 - FIXED-LENGTH DATA ELEMENTS--GENERAL INFORMATION
fixed length control field 141012s2004 nyua 001 0 eng
020 ## - INTERNATIONAL STANDARD BOOK NUMBER
International Standard Book Number 0070009678 (pbk.)
035 ## - SYSTEM CONTROL NUMBER
System control number (BD-RjUL)
040 ## - CATALOGING SOURCE
Original cataloging agency DLC
Transcribing agency DLC
Modifying agency DLC
-- BD-RjUL
Language of cataloging eng
041 ## - LANGUAGE CODE
Language code of text/sound track or separate title eng
082 00 - DEWEY DECIMAL CLASSIFICATION NUMBER
Classification number 579
Edition number 21
Author mark and year ALS 2004
100 1# - MAIN ENTRY--PERSONAL NAME
Personal name Alcamo, I. Edward.
9 (RLIN) 113278
245 10 - TITLE STATEMENT
Title Schaum's outline of theory and problems of microbiology /
Statement of responsibility, etc. I. Edward Alcamo.
246 30 - VARYING FORM OF TITLE
Title proper/short title Theory and problems of microbiology
Title proper/short title Microbiology
260 ## - PUBLICATION, DISTRIBUTION, ETC. (IMPRINT)
Place of publication, distribution, etc. New York ;
-- New Delhi :
Name of publisher, distributor, etc. Tata McGraw-Hill,
Date of publication, distribution, etc. c1998.
300 ## - PHYSICAL DESCRIPTION
Pagination vi, 409 p. :
Illustrations ill. ;
Size 28 cm.
490 0# - SERIES STATEMENT
Series statement Schaum's outline series
500 ## - GENERAL NOTE
General note Includes index.
650 #0 - SUBJECT ADDED ENTRY--TOPICAL TERM
Topical term or geographic name as entry element Microbiology
General subdivision Outlines, syllabi, etc.
9 (RLIN) 113279
Topical term or geographic name as entry element Microbiology
General subdivision Examinations, questions, etc.
9 (RLIN) 113280
856 42 - ELECTRONIC LOCATION AND ACCESS
Materials specified Publisher description
Uniform Resource Identifier <a href="http://www.loc.gov/catdir/description/mh022/97012020.html">http://www.loc.gov/catdir/description/mh022/97012020.html</a>
Materials specified Table of contents
Uniform Resource Identifier <a href="http://www.loc.gov/catdir/toc/mh022/97012020.html">http://www.loc.gov/catdir/toc/mh022/97012020.html</a>
942 ## - ADDED ENTRY ELEMENTS (KOHA)
Source of classification or shelving scheme Dewey Decimal Classification
Koha item type Books
Holdings
Lost status Source of classification or shelving scheme Damaged status Not for loan Permanent Location Current Location Shelving location Date acquired Source of acquisition Cost, normal purchase price Total Checkouts Full call number Date last seen Copy number Koha item type
  Dewey Decimal Classification   Not For Loan Institute of Biological Sciences (IBSc) Library Institute of Biological Sciences (IBSc) Library   12/10/2014 Karim International 310.00   579 ALS 2004 12/10/2014 C-1 Books